[Event "FRA-ch Accession"]
[Site "Besancon"]
[Date "2006.08.22"]
[Round "7"]
[White "Tardif, Olivier"]
[Black "Rodrigues, Gilbert"]
[Result "1-0"]
[WhiteElo "1979"]
[BlackElo "1890"]
[PlyCount "69"]
[EventDate "2006.08.15"]
[EventType "swiss"]
[EventRounds "10"]
[EventCountry "FRA"]
[SourceTitle "CBM 113 Extra"]
[Source "ChessBase"]
[SourceDate "2006.09.14"]
[SourceVersion "1"]
[SourceVersionDate "2006.09.14"]
[SourceQuality "1"]

1. e4 c5 2. c4 g6 3. Nc3 Nc6 4. f4 Bg7 5. Nf3 e6 6. d3 Nge7 7. Be3 Nd4 8. Bd2 0-0 9. Nxd4 cxd4 10. Nb5 a6 11. Nd6 Qb6 12. Nxc8 Raxc8 13. b4 e5 14. c5 Qe6 15. Be2 f5 16. 0-0 fxe4 17. Bg4 Qd5 18. dxe4 Qxe4 19. Bf3 Qd3 20. Be2 Qa3 21. Rf3 d3 22. Rxd3 Qb2 23. Bc3 Qa3 24. Bd2 Qb2 25. Bc3 Qa3 26. fxe5 a5 27. Bd2 Qb2 28. Bc3 Qa3 29. Qd2 Nc6 30. Rxd7 axb4 31. Bb2 Qa7 32. Qd5+ Kh8 33. Rxg7 Kxg7 34. e6+ Kg8 35. e7+ 1-0